|
|
|
|
| LEADER |
00000cas a22000004a 4500 |
| 001 |
vtls001224478 |
| 003 |
SK-MaSNL |
| 005 |
20260221120539.0 |
| 008 |
960412d19281944xo r 0 0b0hun c |
| 035 |
|
|
|a SNK000170999
|
| 040 |
|
|
|a SNK
|b slo
|c SNK
|e AACR2
|
| 041 |
0 |
|
|a hun
|
| 245 |
0 |
0 |
|a Jézus szive naptár az ... évre
|
| 260 |
|
|
|a Bratislava
|b Concordia
|c [1928-1944]
|
| 910 |
|
|
|a snk
|
| 999 |
|
|
|c 6444
|d 8374
|
| 952 |
|
|
|0 0
|1 0
|4 0
|7 0
|8 5
|a SNK
|b SNK
|d 2010-09-07
|i snkF 1873/68
|l 0
|o snkČSC 1419/1928
|p 17A0668150
|r 2026-02-21 19:54:56
|w 2026-02-21
|y PREZ
|
| 952 |
|
|
|0 0
|1 0
|4 0
|7 0
|8 5
|a SNK
|b SNK
|d 2010-09-07
|i snkF 1867/68
|l 0
|o snkČSC 1419/1931
|p 17A0655075
|r 2026-02-21 19:54:56
|w 2026-02-21
|y PREZ
|
| 952 |
|
|
|0 0
|1 0
|4 0
|7 0
|8 3
|a SNK
|b SNK
|d 2010-09-07
|i snkK 767/70
|l 0
|o snkČSC 1419/1932
|p 17A0656262
|r 2026-02-21 19:54:56
|w 2026-02-21
|y PREZ
|
| 952 |
|
|
|0 0
|1 0
|4 0
|7 0
|8 5
|a SNK
|b SNK
|d 2010-09-07
|i snkF 1868/68
|l 0
|o snkČSC 1419/1933
|p 17A0655041
|r 2026-02-21 19:54:56
|w 2026-02-21
|y PREZ
|
| 952 |
|
|
|0 0
|1 0
|4 0
|7 0
|8 5
|a SNK
|b SNK
|d 2010-09-07
|i snkF 1869/68
|l 0
|o snkČSC 1419/1936
|p 17A0668346
|r 2026-02-21 19:54:56
|w 2026-02-21
|y PREZ
|
| 952 |
|
|
|0 0
|1 0
|4 0
|7 0
|8 3
|a SNK
|b SNK
|d 2010-09-07
|i snkK 938/69
|l 0
|o snkČSC 1419/1938
|p 17A0656286
|r 2026-02-21 19:54:56
|w 2026-02-21
|y PREZ
|
| 952 |
|
|
|0 0
|1 0
|4 0
|7 0
|8 3
|a SNK
|b SNK
|d 2010-09-07
|i snkK 1222/69
|l 0
|o snkČSC 1419/1939
|p 17A0655317
|r 2026-02-21 19:54:56
|w 2026-02-21
|y PREZ
|
| 952 |
|
|
|0 0
|1 0
|4 0
|7 0
|8 5
|a SNK
|b SNK
|d 2010-09-07
|i snkF 1440/82
|l 0
|o snkČSC 1419/1941
|p 17A0655318
|r 2026-02-21 19:54:56
|w 2026-02-21
|y PREZ
|
| 952 |
|
|
|0 0
|1 0
|4 0
|7 0
|8 3
|a SNK
|b SNK
|d 2010-09-07
|i snkK 768/70
|l 0
|o snkČSC 1419/1934
|p 17A0655233
|r 2026-02-21 19:54:56
|w 2026-02-21
|y PREZ
|
| 952 |
|
|
|0 0
|1 0
|4 0
|7 0
|8 3
|a SNK
|b SNK
|d 2010-09-07
|i snkK 769/70
|l 0
|o snkČSC 1419/1935
|p 17A0655234
|r 2026-02-21 19:54:56
|w 2026-02-21
|y PREZ
|
| 952 |
|
|
|0 0
|1 0
|4 0
|7 0
|8 5
|a SNK
|b SNK
|d 2010-09-07
|i snkF 1872/68
|l 0
|o snkČSC 1419/1942
|p 17A0655235
|r 2026-02-21 19:54:56
|w 2026-02-21
|y PREZ
|
| 952 |
|
|
|0 0
|1 0
|4 0
|7 0
|8 5
|a SNK
|b SNK
|d 2010-09-07
|i snkF 378/83
|l 0
|o snkČSC 1419/1943
|p 17A0655178
|r 2026-02-21 19:54:56
|w 2026-02-21
|y PREZ
|
| 952 |
|
|
|0 0
|1 0
|4 0
|7 0
|8 3
|a SNK
|b SNK
|d 2010-09-07
|i snkK 1674/71
|l 0
|o snkČSC 1419/1944
|p 17A0655179
|r 2026-02-21 19:54:56
|w 2026-02-21
|y PREZ
|
| 952 |
|
|
|0 0
|1 0
|4 0
|7 0
|8 5
|a SNK
|b SNK
|d 2010-09-07
|i snkF 1866/68
|l 0
|o snkČSC 1419/1930
|p 17A0668151
|r 2026-02-21 20:08:55
|w 2026-02-21
|y PREZ
|
| 952 |
|
|
|0 0
|1 0
|4 0
|7 0
|8 5
|a SNK
|b SNK
|d 2010-09-07
|i snkF 1870/68
|l 0
|o snkČSC 1419/1937
|p 17A0656263
|r 2026-02-21 20:15:21
|w 2026-02-21
|y PREZ
|
| 952 |
|
|
|0 0
|1 0
|4 0
|7 0
|8 3
|a SNK
|b SNK
|d 1996-11-26
|i snkK 1608/96
|l 0
|o snkČSC 1419/1929
|p 17A0021882
|r 2005-01-01 00:00:00
|w 2026-02-21
|y PREZ
|